| 000 | 01546cam a22004694i 4500 | ||
|---|---|---|---|
| 003 | PE-LiUPU | ||
| 005 | 20250731173517.0 | ||
| 008 | 150616s r 000 0 d | ||
| 020 | _a0800792238 | ||
| 035 | _a(Sirsi) i9780800792237 | ||
| 040 |
_aPE-LiUPU _bspa _cPE-LiUPU _erda |
||
| 049 | _aPRUA | ||
| 082 | 0 | 4 |
_a248.32 _bJ13 _221 |
| 100 | 1 |
_aJacobs, Cindy, _eautor. |
|
| 245 | 1 | 0 | _aPossessing the gates of the enemy. |
| 264 | 1 |
_aGrand Rapids, Michigan : _bChosen Books, _c1994. |
|
| 300 |
_a271 páginas ; _c22 centímetros |
||
| 336 |
_atext _2rdacontent |
||
| 337 |
_aunmediated _2rdamedia |
||
| 338 |
_avolume _2rdacarrier |
||
| 504 | _aBibliografía: páginas 264. | ||
| 505 | 0 | _aThe call to intercede.- General of interecession.- The enforcers.- Prayer leaders.- Flaky intercession. | |
| 526 | _aSEG42 | ||
| 526 | _aSEG41 | ||
| 526 | _aSEG40 | ||
| 526 | _aSEG39 | ||
| 526 | _aP94 | ||
| 526 | _aP87 | ||
| 526 | _aP86 | ||
| 526 | _aP85 | ||
| 526 | _aP77 | ||
| 526 | _aP76 | ||
| 526 | _aP35 | ||
| 650 | 0 | 4 | _aORACION INTERCESORA. |
| 910 |
_ajck _bjvq _cjck |
||
| 942 |
_2ddc _cBOOK |
||
| 949 |
_a248.32 J13 _wDEWEY _c1 _i41777 _lCCODEBUL1 _mBUL _r0 _sY _tBOOK _u2015-6-16 _xTEOLOGIA _zUNKNOWN _0COMPRA _o.STAFF. Colección General |
||
| 994 |
_aC0 _bPEPRU |
||
| 596 | _a1 | ||
| 999 |
_a248.32 J13 _wDEWEY _c59442 _i41777 _f2021-11-10 _g5 _lCCODEBUL1 _mBUL _r0 _sY _tBOOK _u2015-6-16 _xTEOLOGIA _zUNKNOWN _0COMPRA _o.STAFF. Colección General _d59442 |
||
| 980 |
_81 _gALBERTO SANCHEZ Responsable de Automatización |
||